<?xml version='1.0' encoding='UTF-8'?>
  <record xmlns="http://www.loc.gov/MARC21/slim">
    <leader>00000cam a2200000 a 4500</leader>
    <controlfield tag="001">ocm31834273</controlfield>
    <controlfield tag="003">OCoLC</controlfield>
    <controlfield tag="005">20240127100239.6</controlfield>
    <controlfield tag="008">940223r18221822ne            000 0 dut d</controlfield>
    <datafield tag="040" ind1=" " ind2=" ">
      <subfield code="a">YAM</subfield>
      <subfield code="b">eng</subfield>
      <subfield code="c">YAM</subfield>
      <subfield code="d">OCLCG</subfield>
      <subfield code="d">OCLCQ</subfield>
      <subfield code="d">OCLCF</subfield>
      <subfield code="d">OCLCO</subfield>
      <subfield code="d">OCLCQ</subfield>
      <subfield code="d">OCLCA</subfield>
      <subfield code="d">OCLCO</subfield>
      <subfield code="d">OCLCQ</subfield>
      <subfield code="d">OCLCL</subfield>
    </datafield>
    <datafield tag="029" ind1="1" ind2=" ">
      <subfield code="a">NLGGC</subfield>
      <subfield code="b">062835602</subfield>
    </datafield>
    <datafield tag="035" ind1=" " ind2=" ">
      <subfield code="a">(OCoLC)31834273</subfield>
    </datafield>
    <datafield tag="043" ind1=" " ind2=" ">
      <subfield code="a">a-io---</subfield>
    </datafield>
    <datafield tag="050" ind1=" " ind2="4">
      <subfield code="a">QL321</subfield>
      <subfield code="b">.K84 1822</subfield>
    </datafield>
    <datafield tag="100" ind1="1" ind2=" ">
      <subfield code="a">Kuhl, Heinrich,</subfield>
      <subfield code="d">1797-1921.</subfield>
    </datafield>
    <datafield tag="245" ind1="1" ind2="0">
      <subfield code="a">Uittreksels uit brieven van de heeren Kuhl en van Hasselt, aan de heeren C.J. Temminck, Th. van Swinderen, W. de Haan, D.J. van Ewyck, H. Boie en Z.E. den Minister voor het openbaar Onderwijs, de Nationale Nijverheid en de Kolonien.</subfield>
    </datafield>
    <datafield tag="260" ind1=" " ind2=" ">
      <subfield code="a">[Groningen?] :</subfield>
      <subfield code="b">[publisher not identified],</subfield>
      <subfield code="c">[1822?]</subfield>
    </datafield>
    <datafield tag="300" ind1=" " ind2=" ">
      <subfield code="a">26 pages ;</subfield>
      <subfield code="c">22 cm</subfield>
    </datafield>
    <datafield tag="336" ind1=" " ind2=" ">
      <subfield code="a">text</subfield>
      <subfield code="b">txt</subfield>
      <subfield code="2">rdacontent</subfield>
    </datafield>
    <datafield tag="337" ind1=" " ind2=" ">
      <subfield code="a">unmediated</subfield>
      <subfield code="b">n</subfield>
      <subfield code="2">rdamedia</subfield>
    </datafield>
    <datafield tag="338" ind1=" " ind2=" ">
      <subfield code="a">volume</subfield>
      <subfield code="b">nc</subfield>
      <subfield code="2">rdacarrier</subfield>
    </datafield>
    <datafield tag="500" ind1=" " ind2=" ">
      <subfield code="a">"Getrokken uit den Algemeenen konst- en letterbode, 1822, no. 6, 7, 8, 9 en 10."</subfield>
    </datafield>
    <datafield tag="650" ind1=" " ind2="0">
      <subfield code="a">Zoology</subfield>
      <subfield code="z">Indonesia.</subfield>
    </datafield>
    <datafield tag="650" ind1=" " ind2="6">
      <subfield code="a">Zoologie</subfield>
      <subfield code="z">Indonésie.</subfield>
    </datafield>
    <datafield tag="650" ind1=" " ind2="7">
      <subfield code="a">Zoology.</subfield>
      <subfield code="2">fast</subfield>
      <subfield code="0">(OCoLC)fst01184696</subfield>
    </datafield>
    <datafield tag="651" ind1=" " ind2="7">
      <subfield code="a">Indonesia.</subfield>
      <subfield code="2">fast</subfield>
      <subfield code="0">(OCoLC)fst01209242</subfield>
      <subfield code="1">https://id.oclc.org/worldcat/entity/E39PBJcrbVHmQ674B9vYY3X8G3</subfield>
    </datafield>
    <datafield tag="700" ind1="1" ind2=" ">
      <subfield code="a">Hasselt, Willem Jan Cornelis van,</subfield>
      <subfield code="d">1795-1864.</subfield>
    </datafield>
    <datafield tag="700" ind1="1" ind2=" ">
      <subfield code="a">Temminck, C. J.</subfield>
      <subfield code="q">(Coenraad Jacob),</subfield>
      <subfield code="d">1778-1858.</subfield>
    </datafield>
    <datafield tag="700" ind1="1" ind2=" ">
      <subfield code="a">Swinderen, Theodorus van,</subfield>
      <subfield code="d">1784-1851.</subfield>
    </datafield>
    <datafield tag="700" ind1="1" ind2=" ">
      <subfield code="a">Haan, W. de</subfield>
      <subfield code="q">(Willem),</subfield>
      <subfield code="d">1801-1855.</subfield>
    </datafield>
    <datafield tag="700" ind1="1" ind2=" ">
      <subfield code="a">Ewyck, D. J. van.</subfield>
    </datafield>
    <datafield tag="700" ind1="1" ind2=" ">
      <subfield code="a">Boie, Heinrich,</subfield>
      <subfield code="d">1794-1827.</subfield>
    </datafield>
    <datafield tag="758" ind1=" " ind2=" ">
      <subfield code="i">has work:</subfield>
      <subfield code="a">Uittreksels uit brieven van de heeren Kuhl en van Hasselt, aan de heeren C.J. Temminck, Th. van Swinderen, W. de Haan, D.J. van Ewyck, H. Boie en Z.E. den Minister voor het openbaar Onderwijs, de Nationale Nijverheid en de Kolonien (Text)</subfield>
      <subfield code="1">https://id.oclc.org/worldcat/entity/E39PCFwrv8bgfC64YvqDxmjvxP</subfield>
      <subfield code="4">https://id.oclc.org/worldcat/ontology/hasWork</subfield>
    </datafield>
    <datafield tag="776" ind1="0" ind2="8">
      <subfield code="i">Online version:</subfield>
      <subfield code="a">Kuhl, Heinrich, 1797-1921.</subfield>
      <subfield code="t">Uittreksels uit brieven van de heeren Kuhl en van Hasselt, aan de heeren C.J. Temminck, Th. van Swinderen, W. de Haan, D.J. van Ewyck, H. Boie en Z.E. den Minister voor het openbaar Onderwijs, de Nationale Nijverheid en de Kolonien.</subfield>
      <subfield code="d">[Groningen?] : [publisher not identified], [1822?]</subfield>
      <subfield code="w">(OCoLC)1084485591</subfield>
    </datafield>
  </record>